[Event "CRO-chT"]
[Site "Rabac"]
[Date "2004.09.08"]
[Round "4.6"]
[White "Bogut, Zeljko"]
[Black "Cvorovic, Drazen"]
[Result "0-1"]
[WhiteElo "2400"]
[BlackElo "2441"]
[PlyCount "74"]
[EventDate "2004.09.05"]
[EventType "team"]
[EventRounds "9"]
[EventCountry "CRO"]
[SourceTitle "CBM 102 Extra"]
[Source "ChessBase"]
[SourceDate "2004.11.03"]
[SourceVersion "1"]
[SourceVersionDate "2004.11.03"]
[SourceQuality "1"]
[WhiteTeam "Osijek"]
[BlackTeam "Mravince"]
[WhiteTeamCountry "CRO"]
[BlackTeamCountry "CRO"]

1. e4 c6 2. c4 e5 3. Nf3 Nf6 4. Nc3 Bb4 5. Nxe5 Qe7 6. Nd3 Nxe4 7. Qe2 Bxc3 8. dxc3 0-0 9. Bf4 Re8 10. 0-0-0 d5 11. cxd5 cxd5 12. Nb4 Be6 13. Nxd5 Bxd5 14. Rxd5 Nc6 15. Qf3 Qe6 16. Bc4 Na5 17. Rxa5 Qxc4 18. Re1 Nc5 19. Rxe8+ Rxe8 20. Be3 b6 21. Rxa7 Nd3+ 22. Kb1 Ne1 23. Qf5 Nxg2 24. b3 Nxe3 25. fxe3 g6 26. Qf6 Qd3+ 27. Kb2 Rf8 28. Qxb6 Qd2+ 29. Ka3 Qxh2 30. c4 h5 31. Qf6 h4 32. Qf4 Qh1 33. e4 h3 34. e5 Qg1 35. Rb7 h2 36. e6 h1Q 37. exf7+ Kh7 0-1